Antropobioética / (Registro nro. 770)
[ vista simple ]
| 000 -LEADER | |
|---|---|
| fixed length control field | 00834 am a2200253 a 4500 |
| 005 - FECHA ULTIMA MODIFICACION | |
| control field | 20240627102739.0 |
| 008 - CAMPO DE CONTROL (LIBRO) | |
| fixed length control field | 100928s1995||||ag a f |||| 001 0 spa d |
| 020 ## - INTERNATIONAL STANDARD BOOK NUMBER | |
| ISBN | 9509331031 |
| 041 ## - CODIGO DE IDIOMA | |
| Código de idioma del texto/pista de sonido o título separado | spa |
| 092 ## - SIGNATURA TOPOGRAFICA DEWEY LOCAL | |
| número de clasificación | 174.2 |
| libristica | 51 |
| sección | MAI |
| 100 1# - ENTRADA PRINCIPAL--NOMBRE PERSONAL | |
| Nombre personal | Mainetti, José A. |
| 9 (RLIN) | 1526 |
| 245 ## - TITULO PROPIAMENTE DICHO | |
| Título | Antropobioética / |
| Mención de responsabilidad y remanente de la transcripción de la portada | José A. Mainetti. |
| 250 ## - MENCION DE EDICION | |
| Mención de edición | 1a ed. |
| 260 ## - PIE DE IMPRENTA | |
| Lugar de publicación, distribución, etc | La Plata [Buenos Aires ; Argentina]: |
| Nombre de la editorial, distribuidor, etc | Quirón; |
| Fecha de publicación | 1995. |
| 300 ## - DESCRIPCION FISICA | |
| Extension | 137 p. |
| 500 ## - NOTA GENERAL | |
| Nota general | Mainetti, J. A. (1995). Antropobioética. (1a ed.). La Plata [Buenos Aires] : Quirón. |
| 653 ## - TÉRMINO INDIZADO - PALABRAS CLAVES | |
| Palabra clave | Cuestión nominal de la bioética |
| 653 ## - TÉRMINO INDIZADO - PALABRAS CLAVES | |
| Palabra clave | Reforma y contrarreforma moral de la medicina |
| 653 ## - TÉRMINO INDIZADO - PALABRAS CLAVES | |
| Palabra clave | Fenomenología de la intercorporalidad |
| 653 ## - TÉRMINO INDIZADO - PALABRAS CLAVES | |
| Palabra clave | Medicina y humanitud: sufrir, envejecer , morir |
| 653 ## - TÉRMINO INDIZADO - PALABRAS CLAVES | |
| Palabra clave | Antropoética |
| 930 ## - NUMERO DE INVENTARIO | |
| Número de inventario | 187 |
| 942 ## - ADDED ENTRY ELEMENTS (KOHA) | |
| Source of classification or shelving scheme | Dewey Decimal Classification |
| Item type | Libros |
| Estado de retiro | Existencia | Estado general | No para prestamo | Ubicación permanente | ubicación actual | Sala de ubicación | Fecha de adquisición | Total Checkouts | Número de clasificación | Código de barras | Date last seen | Número de ejemplar | Price effective from | Koha tipo de elemento (item) |
|---|---|---|---|---|---|---|---|---|---|---|---|---|---|---|
| Biblioteca Medicina | Biblioteca Medicina | Circulación | 13/05/2011 | 174.2 51 MAI | 187 | 06/11/2014 | ej.1 | 13/05/2011 | Libros |